000 00437nam a2200157 i 4500
001 104356
003 ES-MaACL
005 20230906183559.0
007 t|
008 051128s1965 sp ||||1| spa d
100 1 _aMillán Teja, Salvador.
_981158
245 1 0 _aAutomatización... /
_cS. Millán Teja.
260 _aMadrid :
_bRiver,
_c1965.
300 _a191 p. con 8 lám. :
_bil. ;
_c21 cm.
852 _aES-MaACL
_jC-27661
_bR.56829
999 _c104356
_d104356